[Event "36th ECC Open 2021"]
[Site "Struga MKD"]
[Date "2021.09.23"]
[Round "6.10"]
[Board "4"]
[White "Ibanez Aullana, Ramon"]
[Black "Kanyamarala, Trisha"]
[Result "1/2-1/2"]
[WhiteTitle "FM"]
[BlackTitle "WIM"]
[WhiteElo "2269"]
[BlackElo "2093"]
[WhiteTeam "Andreu Paterna"]
[BlackTeam "Gonzaga"]
[WhiteFideId "2207532"]
[BlackFideId "45004722"]
[EventDate "2021.09.18"]
[EventType "team"]

1. Nf3 d5 2. g3 Nd7 3. d4 Nb6 4. Bg2 Bf5 5. O-O e6 6. b3 c6 7. Bb2 Nf6 8. e3 h6
9. Nbd2 Be7 10. Ne5 O-O 11. c4 a5 12. a3 Nfd7 13. Qe2 Qc7 14. Rac1 Rad8 15. f4
Bh7 16. e4 dxe4 17. Bxe4 Bxe4 18. Nxe4 c5 19. Nd3 Nc8 20. f5 cxd4 21. Bxd4 e5
22. f6 exd4 23. Qg4 Nxf6 24. Nxf6+ Bxf6 25. Rxf6 Qe7 26. Rf3 Qxa3 27. Rcf1 Qe7
28. Nf4 Qg5 29. Qh3 Rde8 30. Qd7 Re7 31. Qxd4 Qe5 32. Qxe5 Rxe5 33. Ng6 Ree8 34.
Nxf8 Rxf8 35. Rd1 Ne7 36. Rd7 Nc6 37. Rxb7 Ne5 38. Re3 f6 39. Ra7 Rd8 40. Rxa5
Rd1+ 41. Kg2 Rd2+ 42. Kh3 Nf7 43. Re8+ Kh7 44. Re7 Ng5+ 45. Kg4 Kg6 46. Rxg5+
hxg5 47. Kf3 Rxh2 48. Re2 g4+ 49. Ke3 Rxe2+ 50. Kxe2 Kf7 51. b4 Ke6 52. Ke3 g5
53. c5 f5 54. c6 Kd6 55. b5 Kc7 56. Kd4 f4 57. Kc5 fxg3 58. b6+ Kb8 59. Kd6 g2
60. c7+ Kb7 61. Kd7 g1=Q 62. c8=Q+ Kxb6 63. Qd8+ Kc5 64. Qxg5+ Kd4 65. Qf4+ Kd3
66. Qf5+ Ke2 67. Qe4+ Kd2 68. Qf4+ Kc3 69. Ke6 g3 70. Qe5+ Kd2 71. Qb2+ Kd3 72.
Qb3+ Ke2 73. Qc4+ Kf2 74. Kf5 Qf1 75. Qd4+ Kg2+ 76. Kg4 Qf3+ 77. Kh4 Kh2 78. Qe5
Qf2 79. Kg4 Kg2 80. Qd5+ Kg1 81. Qd1+ Kh2 82. Qd6 Qe2+ 83. Kh4 Qe4+ 84. Kg5 Kg2
85. Qd2+ Kf1 86. Qd1+ Kf2 87. Qd2+ Kf3 88. Qd1+ Qe2 89. Qd5+ Kf2 90. Qf5+ Kg1
91. Qb1+ Qf1 92. Qb6+ Kh2 93. Qd6 Qc4 94. Kh5 Qe4 95. Kg5 Kh3 96. Qd7+ Kg2 97.
Qd2+ Kh1 98. Qd1+ Kg2 99. Qd2+ Kh3 100. Qd7+ 1/2-1/2

[Event "36th ECC Open 2021"]
[Site "Struga MKD"]
[Date "2021.09.23"]
[Round "6.11"]
[Board "2"]
[White "Miljkovic, Mihajlo"]
[Black "Roeder, Matthias"]
[Result "0-1"]
[BlackTitle "IM"]
[WhiteElo "2217"]
[BlackElo "2372"]
[WhiteTeam "Gostivar"]
[BlackTeam "Schachfreunde Wirtzfeld"]
[WhiteFideId "922757"]
[BlackFideId "4600223"]
[EventDate "2021.09.18"]
[EventType "team"]

1. d4 Nf6 2. c4 e6 3. Nc3 Bb4 4. Qc2 c5 5. dxc5 Bxc5 6. Nf3 Qc7 7. Bg5 a6 8. e3
Be7 9. Be2 d6 10. O-O Nbd7 11. Rfd1 b6 12. Rd2 Bb7 13. Rad1 Rd8 14. Bxf6 Nxf6
15. Qa4+ Nd7 16. Nd4 O-O 17. Bf3 Rc8 18. Bxb7 Qxb7 19. Nce2 Nc5 20. Qa3 d5 21.
Rc2 dxc4 22. Rxc4 b5 23. Rc2 b4 24. Qa5 Bd8 25. Qxc5 Rxc5 26. Rxc5 Be7 27. Rc2
Rc8 28. Rdc1 Rxc2 29. Rxc2 Qd5 0-1

[Event "36th ECC Open 2021"]
[Site "Struga MKD"]
[Date "2021.09.23"]
[Round "6.11"]
[Board "3"]
[White "Boidman, Yuri"]
[Black "Miftari, Hedon"]
[Result "1-0"]
[WhiteTitle "IM"]
[WhiteElo "2318"]
[BlackElo "2002"]
[WhiteTeam "Schachfreunde Wirtzfeld"]
[BlackTeam "Gostivar"]
[WhiteFideId "4643992"]
[BlackFideId "15007065"]
[EventDate "2021.09.18"]
[EventType "team"]

1. e4 c5 2. Nf3 Nc6 3. Nc3 Nf6 4. Bb5 g6 5. e5 Ng4 6. Bxc6 dxc6 7. O-O Bg7 8.
Qe2 O-O 9. h3 Nh6 10. g4 Be6 11. d3 Qd7 12. Bf4 f6 13. Rae1 Rae8 14. Qe3 g5 15.
Bg3 b6 16. a3 Qc8 17. b4 cxb4 18. axb4 Nxg4 19. hxg4 Bxg4 20. Ra1 Qd7 21. Rfe1
Qf5 22. Nh2 h5 23. Qe4 Qc8 24. Nxg4 hxg4 25. Qg6 f5 26. Qxg5 f4 27. Bh4 g3 28.
fxg3 f3 29. g4 c5 30. b5 Kh7 31. Rxa7 Bh6 32. Rxe7+ Rxe7 33. Qxe7+ Kg8 34. Re4
Be3+ 35. Kf1 Bf4 36. Rxf4 Rxf4 37. Qg5+ Kh7 38. Qxf4 1-0

[Event "36th ECC Open 2021"]
[Site "Struga MKD"]
[Date "2021.09.23"]
[Round "6.11"]
[Board "4"]
[White "Stojkoski, Acko"]
[Black "Hautot, Stephane"]
[Result "0-1"]
[BlackTitle "IM"]
[WhiteElo "2104"]
[BlackElo "2329"]
[WhiteTeam "Gostivar"]
[BlackTeam "Schachfreunde Wirtzfeld"]
[WhiteFideId "15004260"]
[BlackFideId "202282"]
[EventDate "2021.09.18"]
[EventType "team"]

1. e4 c5 2. Nf3 Nc6 3. d4 cxd4 4. Nxd4 Nf6 5. Nc3 d6 6. Bb5 Bd7 7. O-O g6 8.
Nxc6 bxc6 9. Be2 Bg7 10. Be3 O-O 11. Qd2 Qa5 12. Rab1 Rab8 13. Rfd1 Ng4 14. Bxg4
Bxg4 15. f3 Be6 16. Bd4 Bxd4+ 17. Qxd4 Rb4 18. Qd2 Rfb8 19. b3 c5 20. Qe3 c4 21.
Ra1 R4b7 22. Nd5 Bxd5 23. Rxd5 Qa3 24. Qc3 Rb4 25. e5 R4b5 26. Rxb5 Rxb5 27.
exd6 Qxd6 28. Qe3 Re5 29. Qf2 Rd5 30. Re1 Rd2 31. Qe3 e6 32. Re2 Rxc2 33. bxc4
Rxc4 34. Qxa7 Rc1+ 35. Kf2 Qxh2 36. Qa8+ Kg7 37. Qe4 Qg1+ 38. Kg3 Rc5 39. Qe3
Qxe3 40. Rxe3 Ra5 41. a3 g5 42. Kf2 h5 43. Ke2 Rb5 44. a4 Rb2+ 45. Kf1 Ra2 46.
Re4 Kf6 47. Rb4 Kf5 48. Kg1 g4 49. fxg4+ hxg4 50. Kh2 e5 51. Kg3 Ra3+ 52. Kf2
g3+ 53. Ke2 e4 54. Rb7 f6 55. Ra7 Kf4 56. a5 Ra2+ 57. Ke1 Rxg2 58. Rf7 f5 59.
Ra7 Ra2 60. Kf1 Kf3 61. Ke1 g2 62. Rg7 Ra1+ 0-1

[Event "36th ECC Open 2021"]
[Site "Struga MKD"]
[Date "2021.09.23"]
[Round "6.11"]
[Board "6"]
[White "Vladimirov, Vladimir MKD"]
[Black "Jeitz, Christian"]
[Result "1/2-1/2"]
[WhiteElo "2169"]
[BlackElo "2231"]
[WhiteTeam "Gostivar"]
[BlackTeam "Schachfreunde Wirtzfeld"]
[WhiteFideId "15001040"]
[BlackFideId "4000803"]
[EventDate "2021.09.18"]
[EventType "team"]

1. g3 Nf6 2. Bg2 d5 3. Nf3 g6 4. O-O Bg7 5. d3 O-O 6. Nc3 c5 7. e4 d4 8. Ne2 Nc6
9. Ne1 e5 10. f4 exf4 11. gxf4 Bg4 12. h3 Bxe2 13. Qxe2 Nh5 14. Qf2 f5 15. e5
Bh6 16. h4 Rc8 17. Bd2 b6 18. b3 Ne7 19. Qf3 Rc7 20. a4 a5 21. Kh2 Rd7 22. Qf2
Ra7 23. Qf3 Rd7 24. Qf2 Ra7 25. Qf3 Rd7 26. Qf2 1/2-1/2

[Event "36th ECC Open 2021"]
[Site "Struga MKD"]
[Date "2021.09.23"]
[Round "6.12"]
[Board "1"]
[White "Atlas, Valery"]
[Black "Smith, Axel"]
[Result "1/2-1/2"]
[WhiteTitle "IM"]
[BlackTitle "GM"]
[WhiteElo "2426"]
[BlackElo "2451"]
[WhiteTeam "Perfect"]
[BlackTeam "Lunds ASK"]
[WhiteFideId "12000035"]
[BlackFideId "1707930"]
[EventDate "2021.09.18"]
[EventType "team"]

1. e4 c5 2. Nf3 Nc6 3. Nc3 g6 4. d4 cxd4 5. Nxd4 Bg7 6. Nde2 Nf6 7. g3 b5 8. Bg2
b4 9. Nd5 a5 10. O-O Ba6 11. Be3 O-O 12. Re1 e6 13. Nb6 Rb8 14. Na4 Bb5 15. c3
Ng4 16. Bf4 Bxa4 17. Qxa4 bxc3 18. bxc3 Rb2 19. h3 Nge5 20. Bc1 Rb7 21. Ba3 Re8
22. Rad1 Qb6 23. Nd4 Rc8 24. Nb3 Qb5 25. Qxb5 Rxb5 26. Nd4 Nxd4 27. cxd4 Rc3 28.
Re3 Rxe3 29. fxe3 Nc4 30. Bf1 Nxa3 31. Bxb5 Nxb5 32. Rc1 Bf8 33. a4 Na3 34. d5
Bb4 35. Kf2 exd5 36. exd5 Kg7 37. Ke2 Kf6 38. Rf1+ Ke7 39. Kd3 h5 40. e4 f6 41.
Rc1 g5 42. g4 hxg4 43. hxg4 Kd6 44. Rf1 Ke7 45. Rc1 Kd6 46. Rf1 Ke7 47. Rc1 Kd6
48. Rf1 Ke7 49. Rc1 Kd6 50. Rf1 1/2-1/2

[Event "36th ECC Open 2021"]
[Site "Struga MKD"]
[Date "2021.09.23"]
[Round "6.12"]
[Board "2"]
[White "Ahlander, Bjorn"]
[Black "Korsunsky, Yuri"]
[Result "0-1"]
[WhiteTitle "IM"]
[BlackTitle "IM"]
[WhiteElo "2383"]
[BlackElo "2395"]
[WhiteTeam "Lunds ASK"]
[BlackTeam "Perfect"]
[WhiteFideId "1700251"]
[BlackFideId "14102722"]
[EventDate "2021.09.18"]
[EventType "team"]

1. d4 Nf6 2. c4 c5 3. d5 b5 4. cxb5 a6 5. e3 e6 6. Nc3 Bb7 7. e4 axb5 8. Bxb5
Qa5 9. Ne2 Nxe4 10. O-O Be7 11. Nxe4 Qxb5 12. N2c3 Qb4 13. Qg4 f5 14. Qxg7 Qd4
15. Qg3 fxe4 16. Nb5 Qf6 17. Bf4 Na6 18. Be5 Qf8 19. Bxh8 Qxh8 20. dxe6 d5 21.
Nc7+ Kd8 22. Nxa8 Bxa8 23. f4 Bc6 24. f5 Qf6 25. Qa3 Nc7 26. Qa7 Bd6 27. Qb6 Qe5
28. g3 Bb5 29. Qb8+ Ke7 30. Qg8 Qf6 31. Qxh7+ Kf8 32. a4 Be8 33. a5 e3 34. Rfe1
d4 35. a6 Qg5 36. a7 Bxg3 37. e7+ Qxe7 38. Qh8+ Kf7 39. Qh7+ Kf8 40. Qxe7+ Kxe7
41. hxg3 Bc6 42. Ra5 Kd6 43. f6 Bd5 44. f7 Bxf7 45. a8=Q Nxa8 46. Rxa8 Kd5 47.
Rf8 Bg6 48. Rf6 Bc2 49. Rf8 Ke4 50. Rc8 Kd3 51. Rxc5 Kd2 52. Rxc2+ Kxe1 53. Rc1+
Ke2 54. b4 d3 55. Ra1 d2 56. b5 d1=Q+ 57. Rxd1 Kxd1 0-1

[Event "36th ECC Open 2021"]
[Site "Struga MKD"]
[Date "2021.09.23"]
[Round "6.12"]
[Board "3"]
[White "Gluhovsky, Mark"]
[Black "Dragicevic, Drazen"]
[Result "0-1"]
[BlackTitle "FM"]
[WhiteElo "2275"]
[BlackElo "2344"]
[WhiteTeam "Perfect"]
[BlackTeam "Lunds ASK"]
[WhiteFideId "24165514"]
[BlackFideId "1707922"]
[EventDate "2021.09.18"]
[EventType "team"]

1. e4 Nf6 2. e5 Nd5 3. Nf3 c5 4. Bc4 Nb6 5. d3 d5 6. Bb5+ Bd7 7. a4 Bxb5 8. axb5
Qd7 9. Nc3 d4 10. Ne4 Qxb5 11. e6 f6 12. Nh4 g6 13. Qf3 Nd5 14. c4 dxc3 15. bxc3
Qc6 16. O-O f5 17. c4 Nc7 18. Bb2 Rg8 19. Nxc5 Qxc5 20. Qxb7 Kd8 21. Rfb1 Qc6
22. Be5 Qxb7 23. Rxb7 Nba6 24. Bxc7+ Kc8 25. Rab1 Nxc7 26. Nf3 Bg7 27. d4 Nxe6
28. d5 Nc7 29. Ng5 Bf6 30. Nf7 a6 31. f4 Nb5 0-1

[Event "36th ECC Open 2021"]
[Site "Struga MKD"]
[Date "2021.09.23"]
[Round "6.12"]
[Board "4"]
[White "Jogstad, Martin"]
[Black "Slavin, Gennadie"]
[Result "1/2-1/2"]
[WhiteTitle "FM"]
[WhiteElo "2341"]
[BlackElo "2264"]
[WhiteTeam "Lunds ASK"]
[BlackTeam "Perfect"]
[WhiteFideId "1715364"]
[BlackFideId "4104870"]
[EventDate "2021.09.18"]
[EventType "team"]

1. d4 Nf6 2. Nf3 d6 3. c4 Nbd7 4. Nc3 e5 5. e4 g6 6. Be2 Bg7 7. O-O O-O 8. Be3
c6 9. d5 c5 10. Ne1 a6 11. Kh1 Ne8 12. g4 Bf6 13. Qd2 Be7 14. Nd3 Ng7 15. Rg1
Kh8 16. a3 b6 17. b4 Nf6 18. f4 exf4 19. Bxf4 Nd7 20. g5 f6 21. gxf6 Nxf6 22.
bxc5 bxc5 23. e5 dxe5 24. Bxe5 Bf5 25. Qf4 Nd7 26. Ne4 Nxe5 27. Nxe5 Bf6 28.
Nxf6 Qxf6 29. Rae1 Rad8 30. Bd3 Qd6 31. Qh4 Kg8 32. Qg3 Rfe8 33. Bxf5 Nxf5 34.
Qc3 Nd4 35. Qg3 Nf5 36. Qc3 Nd4 37. Qg3 Nf5 38. Qf4 Nd4 39. Qg3 Nf5 40. Qc3 Nd4 1/2-1/2

[Event "36th ECC Open 2021"]
[Site "Struga MKD"]
[Date "2021.09.23"]
[Round "6.12"]
[Board "5"]
[White "Kurochkin, Victor"]
[Black "Storme, Isak"]
[Result "0-1"]
[BlackTitle "FM"]
[WhiteElo "2407"]
[BlackElo "2304"]
[WhiteTeam "Perfect"]
[BlackTeam "Lunds ASK"]
[WhiteFideId "4105168"]
[BlackFideId "1728113"]
[EventDate "2021.09.18"]
[EventType "team"]

1. e4 e5 2. Nf3 Nc6 3. Bb5 a6 4. Ba4 Nf6 5. Qe2 b5 6. Bb3 Be7 7. a4 Bb7 8. Nc3
b4 9. Nd5 O-O 10. a5 Nxd5 11. Bxd5 d6 12. Qc4 Qd7 13. O-O Rab8 14. Qb3 Nd8 15.
Bxb7 Rxb7 16. d4 exd4 17. Nxd4 Bf6 18. Qd3 Bxd4 19. Qxd4 Rb5 20. b3 Nc6 21. Qd3
Nxa5 22. Bb2 Qc6 23. f4 Nb7 24. Rae1 Nc5 25. Qg3 f6 26. e5 Ne4 27. Qd3 f5 28.
Re2 Rd5 29. Qh3 Qc5+ 30. Qe3 Qxe3+ 31. Rxe3 Rd2 32. Rc1 dxe5 33. Bxe5 Rfd8 34.
g4 g6 35. Bxc7 Rc8 36. Be5 Rcxc2 37. Rxc2 Rxc2 38. gxf5 gxf5 39. Rh3 a5 40. Rh6
Nd2 41. Rh3 a4 42. bxa4 b3 43. a5 b2 44. Bxb2 Rxb2 45. Ra3 Kg7 46. a6 Rb8 47. a7
Ra8 48. Ra6 Ne4 49. Kg2 Nc5 50. Rc6 Nd3 51. Rc7+ Kg6 52. Kg3 Nb4 53. Rb7 Nd5 54.
Rd7 Nf6 55. Rb7 h6 56. Kh4 Nd5 57. Kg3 Kh5 58. Rf7 Ne3 59. Kf3 Kg6 60. Rb7 Nf1
61. Kg2 Nd2 62. Kg3 Kh5 63. Rf7 Ne4+ 64. Kf3 Kg6 65. Rb7 Kf6 66. Rb6+ Kf7 67.
Rb7+ Ke6 68. Ke3 Nd6 69. Rc7 Nb5 70. Rb7 Nxa7 71. Rb6+ Kf7 72. Kf3 Nc8 73. Rxh6
Ra3+ 74. Kg2 Ne7 75. Rd6 Ng6 76. Rd4 Nh4+ 77. Kf2 Kg6 78. Rd8 Kh5 79. Rg8 Rf3+
80. Ke2 Rxf4 81. Ke3 Ra4 82. Kf2 Ng6 83. Rg7 Ra3 84. Kg2 Kg5 85. Kf2 Kf6 86. Rb7
Ne5 87. Kg2 f4 88. h4 Kf5 89. h5 Rg3+ 90. Kf2 Rh3 91. Rh7 Ke4 92. h6 Ng4+ 93.
Kg2 Rg3+ 94. Kh1 Kf3 0-1

[Event "36th ECC Open 2021"]
[Site "Struga MKD"]
[Date "2021.09.23"]
[Round "6.12"]
[Board "6"]
[White "Nord, Alexander"]
[Black "Pleshkov, Mikhail"]
[Result "1/2-1/2"]
[WhiteElo "2144"]
[BlackElo "1984"]
[WhiteTeam "Lunds ASK"]
[BlackTeam "Perfect"]
[WhiteFideId "1738135"]
[BlackFideId "34106917"]
[EventDate "2021.09.18"]
[EventType "team"]

1. Nf3 Nf6 2. c4 c5 3. g3 b6 4. Bg2 Bb7 5. O-O e6 6. Nc3 a6 7. b3 d6 8. Bb2 Nbd7
9. d4 cxd4 10. Qxd4 Qc7 11. Rac1 Be7 12. Rfd1 O-O 13. e4 Rfd8 14. Ne1 Rac8 15.
Qd2 Qb8 16. Nc2 b5 17. cxb5 axb5 18. Qe2 Qa8 19. Re1 b4 20. Nxb4 d5 21. Nc2 Nxe4
22. Nxe4 dxe4 23. Bxe4 Bxe4 24. Qxe4 Qxa2 25. Bd4 Qxb3 26. Ne3 Rxc1 27. Rxc1 Nf6
28. Bxf6 Bxf6 29. Qc4 Qxc4 30. Rxc4 h5 31. Rc2 g6 32. h4 Rb8 33. Kg2 Kf8 34. Kf3
Rb2 35. Rxb2 Bxb2 36. Ke2 Bd4 37. Nc2 Bc5 38. Ne1 e5 39. Nf3 f6 40. Nd2 Ke7 41.
Nf1 Ke6 42. Nd2 Kf5 43. Kf3 g5 44. hxg5 fxg5 45. Kg2 e4 46. Kf1 Ke5 47. f4+ gxf4
48. gxf4+ Kxf4 49. Nxe4 Bd4 50. Kg2 Kg4 51. Nd2 h4 52. Nf3 h3+ 53. Kh2 1/2-1/2

[Event "36th ECC Open 2021"]
[Site "Struga MKD"]
[Date "2021.09.23"]
[Round "6.13"]
[Board "1"]
[White "Cornette, Matthieu"]
[Black "Sarrau, Jelle"]
[Result "1/2-1/2"]
[WhiteTitle "GM"]
[BlackTitle "FM"]
[WhiteElo "2578"]
[BlackElo "2374"]
[WhiteTeam "ASNIERES Le Grand Echiquier"]
[BlackTeam "Zuid-Limburg"]
[WhiteFideId "620084"]
[BlackFideId "207608"]
[EventDate "2021.09.18"]
[EventType "team"]

1. d4 Nf6 2. c4 e6 3. Nc3 Bb4 4. e3 O-O 5. Bd2 d5 6. Nf3 b6 7. cxd5 exd5 8. Bd3
a5 9. Rc1 Ba6 10. Bxa6 Rxa6 11. O-O c5 12. dxc5 bxc5 13. a3 Bxc3 14. Bxc3 Ne4
15. Qd3 Rd6 16. Be5 c4 17. Rxc4 dxc4 18. Qxe4 Rd1 19. Qxc4 Rxf1+ 20. Kxf1 Qd1+
21. Ne1 Nd7 22. Bd4 a4 23. Qb5 Nf6 24. Bxf6 gxf6 25. Qd3 Qg4 26. h3 Qe6 27. Qd4
Qe5 28. Qg4+ Kh8 29. Nd3 Qb5 30. Qd4 Kg7 31. Kg1 Rb8 32. Nf4 h5 33. Nd3 Rc8 34.
Nf4 Rc1+ 35. Kh2 Rc2 1/2-1/2

[Event "36th ECC Open 2021"]
[Site "Struga MKD"]
[Date "2021.09.23"]
[Round "6.13"]
[Board "2"]
[White "Suvorov, Alexander"]
[Black "Delchev, Aleksander"]
[Result "1/2-1/2"]
[WhiteTitle "FM"]
[BlackTitle "GM"]
[WhiteElo "2363"]
[BlackElo "2500"]
[WhiteTeam "Zuid-Limburg"]
[BlackTeam "ASNIERES Le Grand Echiquier"]
[WhiteFideId "12977063"]
[BlackFideId "2900394"]
[EventDate "2021.09.18"]
[EventType "team"]

1. d4 e6 2. c4 b6 3. Nf3 Bb7 4. g3 Bb4+ 5. Bd2 Bxf3 6. exf3 Bxd2+ 7. Qxd2 d5 8.
Nc3 Ne7 9. f4 c6 10. Bd3 Nd7 11. cxd5 cxd5 12. O-O O-O 13. Rfc1 Nb8 14. Ne2 Qd6
15. Rc3 Nbc6 16. Rac1 g6 17. a3 a5 18. Bb5 Rfc8 19. Qc2 Nd8 20. Qa4 Kg7 21. Bd7
Rxc3 22. Rxc3 Ra7 23. Bb5 Rc7 24. Qc2 Rxc3 25. Qxc3 Qb8 26. Kg2 Nb7 27. Ng1 Nd6
28. Bd3 Qc8 29. Qxc8 Ndxc8 30. Ne2 Nd6 31. b3 Nc6 32. Kf3 h5 1/2-1/2

[Event "36th ECC Open 2021"]
[Site "Struga MKD"]
[Date "2021.09.23"]
[Round "6.13"]
[Board "3"]
[White "Vaisser, Anatoly"]
[Black "Van Meegen, Ruud"]
[Result "1-0"]
[WhiteTitle "GM"]
[BlackTitle "FM"]
[WhiteElo "2494"]
[BlackElo "2291"]
[WhiteTeam "ASNIERES Le Grand Echiquier"]
[BlackTeam "Zuid-Limburg"]
[WhiteFideId "603252"]
[BlackFideId "1034995"]
[EventDate "2021.09.18"]
[EventType "team"]

1. b3 c5 2. Bb2 Nc6 3. e3 e5 4. Bb5 Nge7 5. Ne2 a6 6. Bxc6 Nxc6 7. d4 exd4 8.
exd4 cxd4 9. Nxd4 Bb4+ 10. Nc3 O-O 11. O-O d5 12. Nxc6 bxc6 13. Qd4 c5 14. Qxd5
Bxc3 15. Qxd8 Rxd8 16. Bxc3 Rd5 17. Rfd1 Be6 18. Rxd5 Bxd5 19. Rd1 Be6 20. Ba5
c4 21. f3 Kf8 22. Rd6 Ke7 23. Rb6 Bf5 24. bxc4 Bxc2 25. c5 Ba4 26. c6 Rc8 27.
Rb7+ Ke6 28. c7 Bd7 29. Kf2 Kd6 30. Rb8 Ke5 31. Ke3 g6 32. Kd3 Kd5 33. Kc3 Kd6
34. Rb6+ Bc6 35. a3 Kd7 36. Kb3 h5 1-0

[Event "36th ECC Open 2021"]
[Site "Struga MKD"]
[Date "2021.09.23"]
[Round "6.13"]
[Board "4"]
[White "Zimmermann, Luc"]
[Black "Olivier, Pierre"]
[Result "0-1"]
[WhiteTitle "CM"]
[WhiteElo "2133"]
[BlackElo "2215"]
[WhiteTeam "Zuid-Limburg"]
[BlackTeam "ASNIERES Le Grand Echiquier"]
[WhiteFideId "1007033"]
[BlackFideId "601829"]
[EventDate "2021.09.18"]
[EventType "team"]

1. e4 e6 2. d4 d5 3. Nd2 c5 4. exd5 Qxd5 5. Ngf3 cxd4 6. Bc4 Qd6 7. O-O Nf6 8.
Nb3 Nc6 9. Nbxd4 Nxd4 10. Nxd4 Be7 11. b3 O-O 12. Bb2 Qf4 13. Qf3 Qxf3 14. Nxf3
b6 15. Ne5 Bb7 16. a4 Be4 17. Bd3 Bxd3 18. Nxd3 Rac8 19. c4 Rfd8 20. Rfd1 a5 21.
Kf1 Ne4 22. Ke2 Nc5 23. Nxc5 Bxc5 24. f4 f6 25. g4 Kf7 26. Kf3 Ke7 27. Ke4 g6
28. h3 h6 29. Bc3 g5 30. f5 e5 31. Bb2 h5 32. gxh5 Rxd1 33. Rxd1 Rh8 34. Rd3
Rxh5 35. Bc1 Rh4+ 36. Kd5 Kd7 37. Bd2 Bf2 38. b4 e4 39. Ra3 axb4 40. Bxb4 e3 41.
a5 e2 42. axb6 Rd4+ 43. Kc5 Rd6+ 44. Kb5 Rxb6+ 0-1

[Event "36th ECC Open 2021"]
[Site "Struga MKD"]
[Date "2021.09.23"]
[Round "6.13"]
[Board "5"]
[White "Kirszenberg, Marc"]
[Black "Perkampus, Laurin"]
[Result "1/2-1/2"]
[WhiteTitle "CM"]
[WhiteElo "2139"]
[BlackElo "2010"]
[WhiteTeam "ASNIERES Le Grand Echiquier"]
[BlackTeam "Zuid-Limburg"]
[WhiteFideId "601594"]
[BlackFideId "16232283"]
[EventDate "2021.09.18"]
[EventType "team"]

1. d4 Nf6 2. c4 g6 3. Nc3 d5 4. Nf3 Bg7 5. Bg5 Ne4 6. Bf4 Nxc3 7. bxc3 c5 8.
cxd5 Qxd5 9. e3 O-O 10. Be2 cxd4 11. cxd4 Qa5+ 12. Qd2 Qxd2+ 13. Kxd2 Nc6 14.
Rhc1 Rd8 15. Ke1 Bf5 16. Nh4 Be4 17. Bf3 f5 18. Bxe4 fxe4 19. Rab1 Rd7 20. f3
Rf8 21. g3 e5 22. dxe5 Bxe5 23. fxe4 Rdf7 24. Nf3 Bg7 25. Ng5 Rd7 26. Ne6 Re8
27. Nc5 Rde7 28. Rxb7 Rxb7 29. Nxb7 Nb4 30. Rc4 Nxa2 31. Ra4 Nc3 32. Rxa7 Nxe4
33. h4 h6 34. Nd6 Nxd6 35. Bxd6 1/2-1/2

[Event "36th ECC Open 2021"]
[Site "Struga MKD"]
[Date "2021.09.23"]
[Round "6.13"]
[Board "6"]
[White "Winkels, Marcel"]
[Black "Moingt, Jean-Claude"]
[Result "1-0"]
[WhiteTitle "CM"]
[BlackTitle "FM"]
[WhiteElo "1992"]
[BlackElo "2125"]
[WhiteTeam "Zuid-Limburg"]
[BlackTeam "ASNIERES Le Grand Echiquier"]
[WhiteFideId "1003887"]
[BlackFideId "601608"]
[EventDate "2021.09.18"]
[EventType "team"]

1. e4 e6 2. d4 d5 3. e5 c5 4. c3 Qb6 5. Nf3 Nc6 6. Bd3 Bd7 7. O-O cxd4 8. Re1
Rc8 9. Qe2 dxc3 10. Nxc3 Nb4 11. Be3 Bc5 12. Bb5 Bxe3 13. Bxd7+ Kxd7 14. fxe3
Ne7 15. Kh1 Qa6 16. Qd1 Nd3 17. Rf1 Qc4 18. Qd2 h6 19. Nd4 Nxe5 20. Qf2 f5 21.
Qg3 N7g6 22. Nf3 Nxf3 23. Qxg6 Ng5 24. Qxg7+ Kd6 25. Qxb7 Rh7 26. Nb5+ Ke5 27.
Qa6 Rc6 28. Qa5 Rb7 29. a4 a6 30. Nd4 Rcb6 31. b3 Qb4 32. Qxb4 Rxb4 33. Nc6+ Kd6
34. Nxb4 Rxb4 35. Rab1 Ne4 36. Rfc1 Nc5 37. h3 a5 38. Kh2 e5 39. Rf1 f4 40. exf4
exf4 41. Rfe1 Ne4 42. Rec1 Ke5 43. Rc6 d4 44. Ra6 Nc3 45. Re1+ Kd5 46. Rxa5+ Kd6
47. Re8 Kc7 48. Raa8 Rxb3 49. Rad8 Nxa4 50. Rxd4 Nb6 51. Rf8 Kc6 52. Rdxf4 Nd5
53. Rh4 1-0

[Event "36th ECC Open 2021"]
[Site "Struga MKD"]
[Date "2021.09.23"]
[Round "6.14"]
[Board "2"]
[White "Saraci, Korab"]
[Black "Kjartansson, David"]
[Result "0-1"]
[BlackTitle "IM"]
[WhiteElo "2154"]
[BlackElo "2326"]
[WhiteTeam "Dardania"]
[BlackTeam "Viking  Chess Club"]
[WhiteFideId "4701968"]
[BlackFideId "2301130"]
[EventDate "2021.09.18"]
[EventType "team"]

1. e4 c5 2. c3 Nf6 3. e5 Nd5 4. d4 cxd4 5. Nf3 d6 6. Qxd4 e6 7. Na3 Nc6 8. Qe4
dxe5 9. Nxe5 Bxa3 10. Nxc6 bxc6 11. bxa3 O-O 12. Bd2 e5 13. Be2 f5 14. Qa4 Kh8
15. Rb1 f4 16. Bf3 Nb6 17. Qxc6 Rb8 18. Qb5 Bf5 19. Rd1 Bd3 20. Qa5 e4 21. Bg4
Qe7 22. Qh5 g6 23. Qh6 Qf6 24. h4 e3 25. fxe3 fxe3 26. Bxe3 Qxc3+ 27. Rd2 Nc4 0-1

[Event "36th ECC Open 2021"]
[Site "Struga MKD"]
[Date "2021.09.23"]
[Round "6.14"]
[Board "3"]
[White "Thorhallsson, Simon"]
[Black "Budima, Armend"]
[Result "1-0"]
[BlackTitle "CM"]
[WhiteElo "2237"]
[BlackElo "2171"]
[WhiteTeam "Viking  Chess Club"]
[BlackTeam "Dardania"]
[WhiteFideId "2310090"]
[BlackFideId "3612236"]
[EventDate "2021.09.18"]
[EventType "team"]

1. e4 c5 2. Nf3 d6 3. d4 cxd4 4. Nxd4 Nf6 5. Nc3 a6 6. Bg5 e6 7. f4 h6 8. Bh4
Qb6 9. a3 Be7 10. Bf2 Qc7 11. Qf3 Nbd7 12. O-O-O b5 13. Bd3 Bb7 14. Qg3 Nh5 15.
Nxe6 Qxc3 16. Qg4 Qc8 17. e5 dxe5 18. Bf5 Ndf6 19. Nxg7+ Nxg7 20. Qxg7 Qxf5 21.
Qxh8+ Bf8 22. Bc5 Nd7 23. Bxf8 Nxf8 24. fxe5 Rc8 25. Rd2 Qg5 26. e6 fxe6 27. Rf1
Ke7 28. h4 Qg6 29. Qd4 Ke8 30. Qd6 Qg7 31. Rxf8+ Qxf8 32. Qd7# 1-0

[Event "36th ECC Open 2021"]
[Site "Struga MKD"]
[Date "2021.09.23"]
[Round "6.14"]
[Board "4"]
[White "Salihu, Sami"]
[Black "Bjornsson, Tomas"]
[Result "1/2-1/2"]
[BlackTitle "FM"]
[WhiteElo "2207"]
[BlackElo "2175"]
[WhiteTeam "Dardania"]
[BlackTeam "Viking  Chess Club"]
[WhiteFideId "935476"]
[BlackFideId "2300303"]
[EventDate "2021.09.18"]
[EventType "team"]

1. e4 c5 2. Nf3 d6 3. Bb5+ Bd7 4. Bxd7+ Nxd7 5. d4 cxd4 6. Qxd4 Ngf6 7. Nc3 g6
8. Bg5 Bg7 9. Nd5 O-O 10. Nxf6+ Nxf6 11. O-O Qc7 12. c3 a6 13. e5 dxe5 14. Qxe5
Qxe5 15. Nxe5 Nd5 16. Nf3 e6 17. Rad1 Rac8 18. Rfe1 b5 19. a3 h6 20. Be3 Rfe8
21. Bd4 Bxd4 22. Rxd4 Nb6 23. Kf1 Rc4 24. Re2 Rxd4 25. Nxd4 Kf8 26. Rc2 e5 27.
Nf3 Re6 28. Ke2 Ke7 29. Nd2 Rd6 30. Nf1 Ke6 31. Rd2 f5 1/2-1/2